NFL Highest Ranked Fantasy Player Per Team Without QB’s - Statistics

General Stats
  • This quiz has been taken 123 times
  • The average score is 24 of 32
Answer Stats
Hint Answer % Correct
Eagles (211.6) A.J Brown
97%
Giants (227) Saquon Barkley
95%
Commanders (152) Terry McLaurin
91%
Vikings (240.7) Justin Jefferson
89%
Packers (189.6) Aaron Jones
85%
Saints (154.7) Alvin Kamara
85%
49ers (271.4) Christian McCaffrey
82%
Chiefs (206.3) Travis Kelce
82%
Bills (211.2) Stefon Diggs
80%
Dolphins (222.2) Tyreek Hill
80%
Bengals (180.7) Joe Mixon
79%
Cowboys (209.8) Tony Pollard
79%
Titans (269.8) Derrick Henry
78%
Colts (118.4) Johnathan Taylor
78%
Raiders (275.3) Josh Jacobs
78%
Browns (254.4) Nick Chubb
77%
Steelers (182.5) Najee Harris
75%
Chargers (265.7) Austin Ekeler
74%
Cardinals (154.2) James Conner
74%
Jets (132.7) Garrett Wilson
73%
Lions (213.9) Jamaal Williams
73%
Seahawks (175.5) Kenneth Walker III
73%
Panthers (136.1) DJ Moore
70%
Patriots (180.1) Rhamondre Stevenson
69%
Bears (143.7) David Montgomery
68%
Ravens (117.5) Mark Andrews
68%
Broncos (137.2) Jerry Jeudy
67%
Jaguars (170.1) Travis Etienne Jr.
66%
Rams (128.3) Cam Akers
58%
Buccaneers (154.1) Leonard Fournette
57%
Texans (136.4) Dameon Pierce
52%
Falcons (143.3) Tyler Allgeier
49%
No matching quizzes found
Score Distribution
Percent of People with Each Score
Percentile by Number Answered
Your Score History
You have not taken this quiz